00257nas a2200097Ia 4500008004100000245004400041260000900085310001200094500001300106650004000119150201s2011 xx 000 0 und d aIndian Journal of Nutrition & Dietetics c2011 aMonthly aNATIONAL aOther Clinical & Non Clinical Books